| 000 | 01211cam a22003614a 4500 | ||
|---|---|---|---|
| 001 | muse84914 | ||
| 003 | MdBmJHUP | ||
| 005 | 20210127151643.0 | ||
| 006 | m o d | ||
| 007 | cr||||||||nn|n | ||
| 008 | 010726s2001 mx o 00 0 spa d | ||
| 020 | _a9786076286401 | ||
| 020 | _z9681209958 | ||
| 020 | _z9789681209957 | ||
| 035 | _a(OCoLC)1151434435 | ||
| 040 |
_aMdBmJHUP _cMdBmJHUP |
||
| 245 | 0 | 0 |
_aEstructuras sintácticas 40 años después _ccomp. Luis Fernando Lara. |
| 264 | 1 | _bEl Colegio de Mexico, | |
| 264 | 3 | _bProject MUSE, | |
| 300 | _a1 online resource (206 p.) | ||
| 500 | _aDescrito a partir de bibliografía. | ||
| 506 | 0 |
_aOpen Access _fUnrestricted online access _2star |
|
| 588 | _aDescription based on print version record. | ||
| 655 | 7 |
_aElectronic books. _2local |
|
| 700 | 1 |
_aLara, Luis Fernando, _ecomp. |
|
| 710 | 2 |
_aProject Muse. _edistributor |
|
| 830 | 0 | _aBook collections on Project MUSE. | |
| 856 | 4 | 0 |
_zFull text available: _uhttps://muse.jhu.edu/book/74750/ |
| 999 |
_c26555 _d26555 |
||